000 00637nam a2200253Ia 4500
003 OSt
005 20221007110530.0
006 a|||||r|||| 00| 0
007 ta
008 221006b |||||||| |||| 00| 0 eng d
020 _a0070378673
024 _a21,305
037 _cTextual
040 _aLCO
_cLCO
_beng
041 _2eng
_aeng
082 _aY:f, L6
100 _aNan Lin
_9707614
245 0 _aFoundations of Social Research
260 _aNew
_bYork McGraw Hill Book Company U.S.A.
_c1976
300 _a458
650 _aSOCIAL RESEARCH
942 _hY:f, L6
_cTEXL
999 _c1190868
_d1190868